LIBRARY & INFORMATION CENTRE, KCAET, TAVANUR

ONLINE PUBLIC ACCESS CATALOGUE (OPAC)

Tutorial algebra, Vol.I / (Record no. 9407)

MARC details
000 -LEADER
fixed length control field 00448cam a2200181ua 4500
041 ## - LANGUAGE CODE
Language code of text/sound track or separate title eng
082 ## - DEWEY DECIMAL CLASSIFICATION NUMBER
Classification number 512
Item number WAL/TU
100 ## - MAIN ENTRY--AUTHOR NAME
Personal name Walker, George .
245 ## - TITLE STATEMENT
Title Tutorial algebra, Vol.I /
250 ## - EDITION STATEMENT
Edition statement 6 /
260 ## - PUBLICATION, DISTRIBUTION, ETC. (IMPRINT)
Place of publication London :
Name of publisher Universities Tutorials Press Ltd. ,
Year of publication 1962.
300 ## - PHYSICAL DESCRIPTION
Number of Pages 491 ; .
942 ## - ADDED ENTRY ELEMENTS (KOHA)
Koha item type Books
Holdings
Withdrawn status Lost status Damaged status Home library Current library Date acquired Full call number Accession Number Koha item type
      KAUAET KAUAET 07/04/2012 512 4786 Books
free website counter